<?xml version="1.0" encoding="UTF-8"?>
<record
    xmlns:xsi="http://www.w3.org/2001/XMLSchema-instance"
    xsi:schemaLocation="http://www.loc.gov/MARC21/slim http://www.loc.gov/standards/marcxml/schema/MARC21slim.xsd"
    xmlns="http://www.loc.gov/MARC21/slim">

  <leader>01127nam a22002057a 4500</leader>
  <controlfield tag="003">OSt</controlfield>
  <controlfield tag="005">20250624110119.0</controlfield>
  <controlfield tag="008">250514s2004    sp ||||| |||| 00| 1 spa d</controlfield>
  <datafield tag="020" ind1=" " ind2=" ">
    <subfield code="a">9788498678482</subfield>
  </datafield>
  <datafield tag="040" ind1=" " ind2=" ">
    <subfield code="c">ost</subfield>
  </datafield>
  <datafield tag="100" ind1="0" ind2=" ">
    <subfield code="a">Arnaldur Indri&#xF0;ason, </subfield>
    <subfield code="d">1961-</subfield>
  </datafield>
  <datafield tag="245" ind1="1" ind2="3">
    <subfield code="a">El hombre del lago  /</subfield>
    <subfield code="c">Arnaldur Indridason ; traducci&#xF3;n de Enrique Bern&#xE1;rdez</subfield>
  </datafield>
  <datafield tag="250" ind1=" " ind2=" ">
    <subfield code="a">1a ed.</subfield>
  </datafield>
  <datafield tag="260" ind1=" " ind2=" ">
    <subfield code="a">Barcelona :</subfield>
    <subfield code="b">RBA,</subfield>
    <subfield code="c">2010</subfield>
  </datafield>
  <datafield tag="300" ind1=" " ind2=" ">
    <subfield code="a">349 p.</subfield>
  </datafield>
  <datafield tag="490" ind1="0" ind2=" ">
    <subfield code="a">Serie negra</subfield>
  </datafield>
  <datafield tag="520" ind1=" " ind2=" ">
    <subfield code="a">El nivel del lago Kleifarvatn ha bajado tras un terremoto y dejado al descubierto un esqueleto con un agujero en el cr&#xE1;neo. A modo de lastre, el cad&#xE1;ver lleva atada una vieja radio rusa. El inspector Erlendur, que se encarga del caso, empieza a conectar las diferentes pistas existentes: un vendedor desaparecido muchos a&#xF1;os atr&#xE1;s y un grupo de estudiantes idealistas que march&#xF3; a estudiar a Leipzig en la era comunista. Los misterios y los errores del pasado enterrados desde hace tiempo empiezan a aflorar tras el bramido de la tierra islandesa. [Nota de contratapa]</subfield>
  </datafield>
  <datafield tag="650" ind1=" " ind2="4">
    <subfield code="a">Literatura islandesa</subfield>
    <subfield code="v">Novela</subfield>
    <subfield code="y">Siglo XXI</subfield>
  </datafield>
  <datafield tag="942" ind1=" " ind2=" ">
    <subfield code="2">udc</subfield>
    <subfield code="c">OG</subfield>
    <subfield code="n">0</subfield>
  </datafield>
  <datafield tag="999" ind1=" " ind2=" ">
    <subfield code="c">483</subfield>
    <subfield code="d">483</subfield>
  </datafield>
  <datafield tag="952" ind1=" " ind2=" ">
    <subfield code="0">0</subfield>
    <subfield code="1">0</subfield>
    <subfield code="2">udc</subfield>
    <subfield code="4">0</subfield>
    <subfield code="7">0</subfield>
    <subfield code="8">CNP</subfield>
    <subfield code="a">ESOCIALES</subfield>
    <subfield code="b">ESOCIALES</subfield>
    <subfield code="d">2025-05-14</subfield>
    <subfield code="l">0</subfield>
    <subfield code="o">82-312.4(491.1) A743</subfield>
    <subfield code="p">001370</subfield>
    <subfield code="r">2025-05-14 12:41:00</subfield>
    <subfield code="w">2025-05-14</subfield>
    <subfield code="y">OG</subfield>
  </datafield>
</record>
